Bureaucracy Versus Post-bureaucracy in an Enterprise diplomová práca

Enregistré dans:
Détails bibliographiques
Auteur principal: Bohunská, Juliana
Collectivité auteur: Fakulta podnikového manažmentu EU. Katedra manažmentu
Autres auteurs: Skorková, Zuzana, 1979-
Format: Livre
Langue:anglais
Publié: Bratislava 2021
Tags: Ajouter un tag
Pas de tags, Soyez le premier à ajouter un tag!

MARC

LEADER 00000nbm a2200000 4500
001 0278197
005 20211125104519.8
041 0 |a eng 
044 |a SK 
245 1 0 |a Bureaucracy Versus Post-bureaucracy in an Enterprise  |b diplomová práca  |c Juliana Bohunská ; školiteľ: Zuzana Skorková 
264 1 |a Bratislava  |c 2021 
300 |a 63 s. 
100 1 |a Bohunská, Juliana 
700 1 |a Skorková, Zuzana, 1979- 
710 2 |a Fakulta podnikového manažmentu EU. Katedra manažmentu